| 000 | 00481nam a2200133Ia 4500 | ||
|---|---|---|---|
| 008 | 250506s9999 xx 000 0 und d | ||
| 024 | _a11B-97-EL, 12B-101-EL, 12B-118-EL & 12B-171-EL | ||
| 082 | _a621.815072 SYE | ||
| 100 | _aSyed Qazi M. Hamza, Muhammad hasan Khan, S. M. Ebad Bin Hafeez & Syed Fawwad Ali | ||
| 245 | 0 | _aScheduled Based Drug Dispatching machine | |
| 260 |
_aKarachi: _bUIT, _c2012 |
||
| 600 | _aElectrical Engineering | ||
| 650 | _aBachelor of Engineering (BE) | ||
| 999 |
_c28315 _d28315 |
||